| 000 | 00570nam a22001697a 4500 | ||
|---|---|---|---|
| 082 | _a540 | ||
| 100 | _aYounas, Mehwish. | ||
| 245 |
_aSynthesis of pvc-co-pvac-co-pva/cu Nanocomposites with Improved Dielectric Performance / _cMehwish Younas. |
||
| 260 |
_aIslamabad: _bSNS - NUST, _c2017. |
||
| 300 |
_a67 p.: ill,; _c30cm. |
||
| 650 |
_aMS Thesis. _918721 |
||
| 700 |
_aDr. Ilyas Sarwar _920249 |
||
| 856 | _uhttp://10.250.8.41:8080/xmlui/handle/123456789/3593 | ||
| 942 |
_2ddc _cTHE |
||
| 999 |
_c528445 _d528445 |
||